000 00542nam a2200229Ia 4500
003 OSt
005 20221005125224.0
006 a|||||r|||| 00| 0
007 ta
008 221004b |||||||| |||| 00| 0 eng d
024 _a33956
037 _cTextual
040 _aCRL
_cCRL
_beng
041 _2eng
_aeng
082 _aN53xM91, K2
100 _aSpencer Stanley
_9636341
245 0 _aPaintings
260 _c1962
650 _aARTS
942 _hN53xM91, K2
_cTEXL
_2cc
999 _c1053323
_d1053323